[Event "Open Portugal 2019"]
[Site "Lisboa POR"]
[Date "2019.02.09"]
[Round "9.88"]
[White "Damasceno, Jorge"]
[Black "Martins, José Carlos"]
[Result "0-1"]
[WhiteElo "1890"]
[BlackElo "1707"]
[WhiteFideId "1900960"]
[BlackFideId "1946005"]
[WhiteCountry "POR"]
[BlackCountry "POR"]
[PlyCount "78"]
[EventDate "2019.02.02"]

1. Nf3 d5 2. c4 e6 3. d4 Nf6 4. cxd5 exd5 5. Nc3 Be7 6. Bg5 c6 7. Qc2 O-O 8. e3
Bg4 9. Ne5 Bh5 10. Bd3 h6 11. Bh4 Ng4 12. Bxe7 Qxe7 13. Nxg4 Bxg4 14. O-O Nd7
15. Rab1 Qg5 16. Ne2 h5 17. b4 h4 18. Kh1 h3 19. Ng3 hxg2+ 20. Kxg2 Qh6 21. Rfc1
f5 22. Be2 Bxe2 23. Nxe2 Rae8 24. Rg1 Re4 25. b5 Rh4 26. Rh1 Nf6 27. h3 Ne4 28.
bxc6 bxc6 29. Nf4 g5 30. Nd3 f4 31. Ne5 fxe3 32. Ng4 Qe6 33. f3 Qd6 34. Ne5 c5
35. Rhf1 Nd2 36. Rb7 Nxf1 37. Kxf1 cxd4 38. Rd7 Qxe5 39. Qg6+ Kh8 0-1

[Event "Open Portugal 2019"]
[Site "Lisboa POR"]
[Date "2019.02.09"]
[Round "9.89"]
[White "Fanha, Paulo"]
[Black "Guia, Artur"]
[Result "1-0"]
[WhiteElo "1884"]
[BlackElo "1686"]
[WhiteFideId "1902148"]
[BlackFideId "1946781"]
[WhiteTitle "CM"]
[WhiteCountry "POR"]
[BlackCountry "POR"]
[PlyCount "119"]
[EventDate "2019.02.02"]

1. e4 e5 2. Bc4 Nf6 3. d4 exd4 4. Nf3 Nc6 5. O-O Nxe4 6. Re1 d5 7. Bxd5 Qxd5 8.
Nc3 Qa5 9. Nxe4 Be6 10. Neg5 O-O-O 11. Nxe6 fxe6 12. Rxe6 Bd6 13. Bg5 Rde8 14.
Qe2 Be5 15. Qc4 Bd6 16. Rae1 Ne5 17. R1xe5 Bxe5 18. Bd2 Bxh2+ 19. Kxh2 Qh5+ 20.
Kg1 Qg4 21. Rxe8+ Rxe8 22. Qxd4 Qxd4 23. Nxd4 g6 24. Kf1 Kd7 25. Be3 a6 26. Ke2
Rf8 27. g3 Rf6 28. b3 h5 29. c4 Rf8 30. Nf3 Re8 31. Kd3 Re6 32. Bf4 Kc8 33. Be3
Kd7 34. Bd4 Ke8 35. Ne5 Ke7 36. f4 Ke8 37. Nf3 Kd7 38. Be5 Kc8 39. Ng5 Rc6 40.
Ne4 Re6 41. Kd4 Re8 42. Bf6 Kd7 43. Kd5 b6 44. Kd4 Kc6 45. Kd3 Re6 46. Be5 Re8
47. Nf6 Rd8+ 48. Nd5 Re8 49. Nxc7 Rxe5 50. fxe5 Kxc7 51. b4 Kd7 52. c5 bxc5 53.
bxc5 a5 54. a4 Ke6 55. c6 Ke7 56. Ke4 Kd8 57. e6 g5 58. Kf5 h4 59. gxh4 gxh4 60.
Kg4 1-0

[Event "Open Portugal 2019"]
[Site "Lisboa POR"]
[Date "2019.02.09"]
[Round "9.90"]
[White "Marcos Herrero, Francisco"]
[Black "Alves, Fernando"]
[Result "1-0"]
[WhiteElo "1837"]
[BlackElo "1651"]
[WhiteFideId "2279045"]
[BlackFideId "1905678"]
[WhiteCountry "ESP"]
[BlackCountry "POR"]
[PlyCount "51"]
[EventDate "2019.02.02"]

1. c4 Nf6 2. Nc3 g6 3. Nf3 Bg7 4. g3 d6 5. d4 O-O 6. Bg2 Nbd7 7. O-O c5 8. b3
cxd4 9. Nxd4 a6 10. Bb2 Rb8 11. Qd2 Qc7 12. Rac1 Ne5 13. Nd5 Qd8 14. Rfd1 Nfd7
15. Bc3 e6 16. Ne3 Re8 17. f4 Nc6 18. Nxc6 Bxc3 19. Qxc3 bxc6 20. Rxd6 Qe7 21.
Rcd1 Nf6 22. Bxc6 Rf8 23. Bf3 Bb7 24. c5 Bxf3 25. exf3 Qa7 26. Qxf6 1-0

[Event "Open Portugal 2019"]
[Site "Lisboa POR"]
[Date "2019.02.09"]
[Round "9.91"]
[White "Hestvik, Elias"]
[Black "Mendes, Alberto"]
[Result "1-0"]
[WhiteElo "1825"]
[BlackElo "1635"]
[WhiteFideId "1534904"]
[BlackFideId "1901699"]
[WhiteCountry "NOR"]
[BlackCountry "POR"]
[PlyCount "119"]
[EventDate "2019.02.02"]

1. e4 e5 2. Nf3 d6 3. d4 exd4 4. Nxd4 Be7 5. Nc3 Bd7 6. Bc4 Nf6 7. O-O O-O 8.
Re1 a6 9. Qf3 Nc6 10. Nxc6 Bxc6 11. Bg5 h6 12. Bh4 b5 13. Bxf6 Bxf6 14. Bd5 Bxd5
15. exd5 Qd7 16. Re4 Rfe8 17. Rae1 b4 18. Nd1 Rxe4 19. Qxe4 a5 20. g3 g6 21. b3
Kg7 22. Ne3 h5 23. Kg2 Kf8 24. Nc4 a4 25. Nd2 Bc3 26. Re2 axb3 27. axb3 Re8 28.
Qxe8+ Qxe8 29. Rxe8+ Kxe8 30. Ne4 Bd4 31. f3 Ke7 32. g4 hxg4 33. fxg4 Kd7 34.
Kf3 c6 35. dxc6+ Kxc6 36. h4 Kd7 37. Nd2 d5 38. Kf4 f6 39. Nf3 Bb2 40. h5 Bc1+
41. Kg3 gxh5 42. gxh5 Be3 43. Kg4 Ke6 44. Nh4 Bg5 45. Nf3 Be3 46. Nh4 Bd2 47.
Nf5 Kf7 48. Nd4 Be3 49. Nc6 Bd2 50. Kf5 Kg7 51. Nb8 Bc3 52. Nd7 Bb2 53. h6+ Kxh6
54. Nxf6 d4 55. Nd5 d3 56. cxd3 Bc3 57. Ke4 Kg6 58. Nxc3 bxc3 59. Ke3 Kf6 60. d4
1-0

[Event "Open Portugal 2019"]
[Site "Lisboa POR"]
[Date "2019.02.09"]
[Round "9.92"]
[White "Bouton, Christophe"]
[Black "Gonçalves, Carlos"]
[Result "1-0"]
[WhiteElo "1988"]
[BlackElo "1644"]
[WhiteFideId "603813"]
[BlackFideId "1912879"]
[WhiteCountry "FRA"]
[BlackCountry "POR"]
[PlyCount "107"]
[EventDate "2019.02.02"]

1. c4 Nf6 2. Nc3 d5 3. cxd5 Nxd5 4. e4 Nxc3 5. dxc3 Qxd1+ 6. Kxd1 e5 7. Be3 Be6
8. Nf3 f6 9. Nd2 a6 10. Bc4 Bxc4 11. Nxc4 Nc6 12. Kc2 b5 13. Nd2 Na5 14. f4 Bd6
15. fxe5 Bxe5 16. b3 b4 17. Bd4 c5 18. Bxe5 fxe5 19. Nf3 Nc6 20. Rad1 bxc3 21.
Rd5 Nb4+ 22. Kxc3 Nxd5+ 23. exd5 O-O 24. Re1 Rf5 25. Kc4 Rd8 26. Rxe5 Rf4+ 27.
Kxc5 Rc8+ 28. Kd6 Rf6+ 29. Kd7 Ra8 30. d6 Rf7+ 31. Kc6 Rc8+ 32. Kd5 Rd7 33. Ng5
Rcd8 34. Ne4 Kf7 35. h4 h6 36. h5 Re8 37. Rf5+ Kg8 38. Nc5 Rf7 39. Rxf7 Kxf7 40.
d7 Re2 41. Nb7 Rd2+ 42. Kc6 Kf6 43. d8=Q+ Rxd8 44. Nxd8 Kg5 45. Ne6+ Kxh5 46.
Nxg7+ Kg6 47. b4 Kxg7 48. a4 Kf6 49. b5 axb5 50. axb5 Kf5 51. b6 Kf4 52. b7 Kg3
53. b8=Q+ Kxg2 54. Qe8 1-0

[Event "Open Portugal 2019"]
[Site "Lisboa POR"]
[Date "2019.02.09"]
[Round "9.93"]
[White "Gentes Benito, Ángel"]
[Black "Fonseca, Pedro"]
[Result "1/2-1/2"]
[WhiteElo "1907"]
[BlackElo "1610"]
[WhiteFideId "2225549"]
[BlackFideId "1955624"]
[WhiteCountry "ESP"]
[BlackCountry "POR"]
[PlyCount "79"]
[EventDate "2019.02.02"]

1. e4 e6 2. d4 d5 3. e5 c5 4. c3 Nc6 5. Be3 cxd4 6. cxd4 Qb6 7. Qd2 Nge7 8. Nf3
Nf5 9. Bd3 Nxe3 10. fxe3 Bd7 11. O-O Be7 12. Nc3 Na5 13. Qe2 a6 14. Rac1 O-O 15.
Kh1 Rac8 16. h4 Qd8 17. g3 f6 18. e4 dxe4 19. Nxe4 f5 20. Nd6 Rxc1 21. Rxc1 Bc6
22. b4 Bxf3+ 23. Qxf3 Bxd6 24. exd6 Nc6 25. Qf4 Nxb4 26. Bc4 Qd7 27. a3 Nc6 28.
d5 exd5 29. Bxd5+ Kh8 30. Re1 g6 31. Kh2 Re8 32. Bxc6 Qxc6 33. Rxe8+ Qxe8 34.
Qd4+ Kg8 35. d7 Qe2+ 36. Kg1 Qe1+ 37. Kg2 Qe2+ 38. Kg1 Qe1+ 39. Kg2 Qe2+ 40. Kg1
1/2-1/2

[Event "Open Portugal 2019"]
[Site "Lisboa POR"]
[Date "2019.02.09"]
[Round "9.94"]
[White "Bártolo, Filipe"]
[Black "Morejko, Wojciech"]
[Result "1/2-1/2"]
[WhiteElo "1666"]
[BlackElo "1879"]
[WhiteFideId "1942565"]
[BlackFideId "16247582"]
[WhiteCountry "POR"]
[BlackCountry "GER"]
[PlyCount "117"]
[EventDate "2019.02.02"]

1. e4 c5 2. Nf3 d6 3. d4 cxd4 4. Nxd4 Nf6 5. f3 g6 6. c4 Bg7 7. Be3 Nc6 8. Nc3
Bd7 9. Be2 O-O 10. b3 Qa5 11. Qd2 a6 12. O-O Ne8 13. Rac1 Nxd4 14. Bxd4 Bxd4+
15. Qxd4 Nc7 16. Na4 Bxa4 17. bxa4 Qxa4 18. Qb6 Qc6 19. Rb1 Rfb8 20. Rb2 Qxb6+
21. Rxb6 Ne6 22. Rfb1 Nc5 23. Kf2 a5 24. Ke3 Ra6 25. R6b5 Rc8 26. Kd4 a4 27. f4
f6 28. f5 e5+ 29. fxe6 Nxe6+ 30. Ke3 Nc5 31. Bg4 Re8 32. Bf3 f5 33. Rb6 fxe4 34.
Bg4 Rxb6 35. Rxb6 Rd8 36. Kd4 Kf7 37. Kd5 Ke7 38. g3 h5 39. Bh3 g5 40. Bg2 e3
41. Rb2 Rf8 42. Kd4 Rf2 43. Rxf2 exf2 44. Ke3 Ke6 45. Kxf2 Ke5 46. Ke3 b6 47. a3
h4 48. gxh4 gxh4 49. Bc6 h3 50. Bf3 Ne6 51. Bc6 Nc5 52. Bf3 Nd7 53. Bg4 Nf6 54.
Bxh3 d5 55. cxd5 Nxd5+ 56. Kd2 b5 57. Bd7 b4 58. axb4 Nxb4 59. Bxa4 1/2-1/2

[Event "Open Portugal 2019"]
[Site "Lisboa POR"]
[Date "2019.02.09"]
[Round "9.95"]
[White "Serafim Junior, Arnor"]
[Black "Cavadas, José"]
[Result "1-0"]
[WhiteElo "1876"]
[BlackElo "1580"]
[WhiteFideId "2130750"]
[BlackFideId "1904990"]
[WhiteCountry "BRA"]
[BlackCountry "POR"]
[PlyCount "107"]
[EventDate "2019.02.02"]

1. c4 Nf6 2. g3 d5 3. cxd5 Qxd5 4. Nf3 Bf5 5. Nc3 Qd8 6. Bg2 e6 7. Nh4 c6 8. Qb3
Qc7 9. Nxf5 exf5 10. d3 Bd6 11. Bg5 Nbd7 12. Rc1 a6 13. Bxf6 Nxf6 14. e3 O-O 15.
O-O Rfe8 16. Ne2 Qd7 17. Rfd1 Rab8 18. Nd4 c5 19. Ne2 Qe6 20. Qa4 Ng4 21. Nf4
Bxf4 22. Qxf4 b6 23. b3 a5 24. d4 Rbd8 25. dxc5 Rxd1+ 26. Rxd1 bxc5 27. Rd5 Ne5
28. Rd1 g6 29. Qa4 Rc8 30. Qxa5 c4 31. Rd8+ Rxd8 32. Qxd8+ Kg7 33. Bd5 Qa6 34.
Qe7 Qf6 35. Qxf6+ Kxf6 36. bxc4 Nd7 37. a4 Nc5 38. a5 h6 39. Bb7 Ke7 40. a6 Nxa6
41. Bxa6 Kd6 42. Kg2 f6 43. Kf3 g5 44. Bc8 Kc5 45. Be6 h5 46. h4 Kd6 47. Bxf5
g4+ 48. Kf4 Kc5 49. Be6 Kd6 50. Kf5 Ke7 51. c5 Kd8 52. c6 Kc7 53. Bd5 Kd6 54.
Kxf6 1-0

[Event "Open Portugal 2019"]
[Site "Lisboa POR"]
[Date "2019.02.09"]
[Round "9.96"]
[White "Barrento, Jorge"]
[Black "Hansen, Verner"]
[Result "1-0"]
[WhiteElo "1701"]
[BlackElo "1874"]
[WhiteFideId "1906500"]
[BlackFideId "1425285"]
[WhiteCountry "POR"]
[BlackCountry "DEN"]
[PlyCount "118"]
[EventDate "2019.02.02"]

1. d4 d5 2. Nc3 e6 3. Bf4 c5 4. e3 Bd7 5. a3 Nc6 6. Nge2 Nf6 7. Nb5 Rc8 8. Nd6+
Bxd6 9. Bxd6 cxd4 10. Nxd4 Ne4 11. Bg3 Qa5+ 12. c3 O-O 13. Bd3 Nc5 14. Bc2 Nxd4
15. exd4 Na4 16. O-O Nxb2 17. Qb1 Qxc3 18. Bxh7+ Kh8 19. Be5 Qd2 20. Ra2 Qh6 21.
Rxb2 Qxh7 22. Rxb7 Bc6 23. Rxa7 f6 24. Bd6 Qxb1 25. Rxb1 Rfd8 26. Be7 Rd7 27.
Rxd7 Bxd7 28. h4 e5 29. Bc5 Kh7 30. f3 Kg6 31. Kf2 Bc6 32. Rb6 Kf5 33. Ra6 e4
34. g4+ Ke6 35. Ra7 f5 36. g5 f4 37. Re7+ Kf5 38. Rf7+ Kg6 39. Rxf4 Re8 40. fxe4
dxe4 41. Ke3 Rb8 42. Bb4 Bd5 43. Rf8 Rb7 44. Rd8 Rb5 45. Rc8 Rb6 46. Rd8 Bb7 47.
Rd6+ Rxd6 48. Bxd6 Kf5 49. a4 g6 50. Bg3 Bd5 51. a5 Bc4 52. Be1 Bd5 53. a6 Kg4
54. Kd2 Kf5 55. Kc3 e3 56. Kb4 Ke4 57. Kc5 e2 58. a7 Ba8 59. h5 gxh5 1-0

[Event "Open Portugal 2019"]
[Site "Lisboa POR"]
[Date "2019.02.09"]
[Round "9.97"]
[White "Marques, Afonso"]
[Black "Marques, Pedro Godinho"]
[Result "1-0"]
[WhiteElo "1662"]
[BlackElo "1848"]
[WhiteFideId "1947184"]
[BlackFideId "1928414"]
[WhiteCountry "POR"]
[BlackCountry "POR"]
[PlyCount "85"]
[EventDate "2019.02.02"]

1. Nf3 c5 2. d4 d5 3. Bf4 e6 4. e3 Bd6 5. Bb5+ Nc6 6. Ne5 Nge7 7. Qg4 O-O 8. Bh6
Nf5 9. Bg5 Qa5+ 10. Nc3 Nxe5 11. dxe5 Bxe5 12. Bd3 Bxc3+ 13. bxc3 Qxc3+ 14. Ke2
c4 15. Bxf5 exf5 16. Qd4 Qxc2+ 17. Kf3 h6 18. Be7 Re8 19. Bd6 Qe4+ 20. Qxe4
dxe4+ 21. Ke2 Be6 22. Rab1 b6 23. Be5 c3 24. Bxc3 Bxa2 25. Rb4 Rac8 26. Rb2 Rxc3
27. Rxa2 Rec8 28. Kd2 Rd3+ 29. Ke2 a5 30. Rb1 Rc6 31. f3 Rdc3 32. Rbb2 Kf8 33.
Rd2 Ke7 34. fxe4 fxe4 35. Kf2 R3c4 36. Kg3 a4 37. Rd5 R6c5 38. Rd1 b5 39. Rad2
Rc7 40. Rd5 b4 41. Ra5 b3 42. Kf4 Rb7 43. Re5+ 1-0

[Event "Open Portugal 2019"]
[Site "Lisboa POR"]
[Date "2019.02.09"]
[Round "9.98"]
[White "Gonçalves, Gabriel"]
[Black "Pereira, André Marques"]
[Result "1-0"]
[WhiteElo "1845"]
[BlackElo "1604"]
[WhiteFideId "1945610"]
[BlackFideId "2116774"]
[WhiteCountry "POR"]
[BlackCountry "POR"]
[PlyCount "111"]
[EventDate "2019.02.02"]

1. e4 c6 2. Nc3 d5 3. Nf3 e6 4. d4 Bb4 5. e5 Bd7 6. a3 Bxc3+ 7. bxc3 c5 8. Be3
c4 9. g3 h6 10. Bh3 Ne7 11. O-O Nbc6 12. Bd2 Ng6 13. Ne1 Qc7 14. f4 Nge7 15. Ng2
O-O-O 16. Ne3 g6 17. Kh1 h5 18. Ng2 Nf5 19. Ne1 Nce7 20. Nf3 Rdg8 21. Ng5 Rg7
22. Qb1 Nc6 23. a4 h4 24. g4 Nh6 25. Bc1 Qb6 26. Qxb6 axb6 27. Ba3 Kb8 28. Bd6+
Ka7 29. Rfb1 Rc8 30. Kg2 Ng8 31. Nf3 Rh7 32. Kf2 f6 33. Ke3 fxe5 34. fxe5 Nge7
35. Ng5 Rg7 36. Rf1 Ka6 37. Rf6 Ng8 38. Rf2 Nce7 39. Bb4 Nh6 40. a5 b5 41. Raf1
Nef5+ 42. gxf5 gxf5 43. Rg2 Rcg8 44. Rfg1 f4+ 45. Kf2 Re8 46. Nf3 Rf7 47. Rg7
Rxg7 48. Rxg7 Bc8 49. Ng5 Nf5 50. Bxf5 exf5 51. Kf3 Rh8 52. h3 Rh6 53. Rf7 Rh5
54. Kxf4 b6 55. Rf6 Ka7 56. Rxb6 1-0

[Event "Open Portugal 2019"]
[Site "Lisboa POR"]
[Date "2019.02.09"]
[Round "9.99"]
[White "Gonçalves, Samuel"]
[Black "Gomes, José Luis"]
[Result "1/2-1/2"]
[WhiteElo "1637"]
[BlackElo "1844"]
[WhiteFideId "1945130"]
[BlackFideId "1901710"]
[WhiteCountry "POR"]
[BlackCountry "POR"]
[PlyCount "234"]
[EventDate "2019.02.02"]

1. e4 c5 2. Nf3 d6 3. Bb5+ Bd7 4. Bxd7+ Qxd7 5. O-O g6 6. Qe2 e6 7. Rd1 Nc6 8.
c3 Bg7 9. d4 cxd4 10. Nxd4 Nxd4 11. cxd4 Ne7 12. Nc3 a6 13. Bg5 O-O 14. e5 d5
15. Rd3 Nc6 16. Rad1 f6 17. exf6 Bxf6 18. Bh6 Bg7 19. Bxg7 Kxg7 20. Re3 Rae8 21.
Na4 Rf6 22. Nc5 Qc8 23. Qd2 Ref8 24. Rh3 h5 25. Re3 b6 26. Na4 Rxf2 27. Qxf2
Rxf2 28. Kxf2 b5 29. Nc3 b4 30. Ne2 Ne7 31. Rc1 Qf8+ 32. Rf3 Nf5 33. Ng3 Qd6 34.
Nxf5+ exf5 35. g3 h4 36. Rc5 Kf6 37. a3 bxa3 38. Rxa3 hxg3+ 39. hxg3 Qb6 40. b3
Qb4 41. Rxa6+ Kg5 42. Rcc6 Qxd4+ 43. Ke2 Qb2+ 44. Ke1 Kg4 45. Rxg6+ Kf3 46. Kd1
Qxb3+ 47. Kd2 d4 48. Rac6 Qe3+ 49. Kd1 d3 50. Rge6 Qf2 51. Rc3 Qf1+ 52. Re1 Qg2
53. Rxd3+ Kg4 54. Re2 Qf1+ 55. Kd2 Qb1 56. Ree3 Qb2+ 57. Ke1 Qc2 58. Rf3 Qg2 59.
Rf4+ Kg5 60. Rdf3 Qg1+ 61. Ke2 Qg2+ 62. Kd3 Qh3 63. g4 Qh7 64. gxf5 Qd7+ 65. Ke2
Qb5+ 66. Kf2 Qb2+ 67. Kg3 Kf6 68. Rf2 Qc3+ 69. R4f3 Qe5+ 70. Kh3 Qe1 71. Rh2 Qe4
72. Kg3 Qe1+ 73. Rff2 Qe3+ 74. Kg4 Qg5+ 75. Kf3 Qc1 76. Ke2 Qc4+ 77. Ke3 Qc3+
78. Kf4 Qd4+ 79. Kg3 Qe3+ 80. Rf3 Qg1+ 81. Rg2 Qe1+ 82. Kh3 Qh1+ 83. Kg3 Qe1+
84. Kg4 Qh1 85. Rgg3 Qh6 86. Rf4 Qg5+ 87. Kf3 Qh5+ 88. Ke3 Qe8+ 89. Kf2 Qe5 90.
Rg6+ Kf7 91. Kg3 Qe3+ 92. Rf3 Qe5+ 93. Kh4 Qh2+ 94. Rh3 Qf4+ 95. Rg4 Qxf5 96.
Re3 Qf6+ 97. Kg3 Qd6+ 98. Rf4+ Kg6 99. Ref3 Qe5 100. Kg2 Qb2+ 101. Kh3 Qe5 102.
Rg4+ Kh5 103. Rfg3 Qe6 104. Rg1 Qe3+ 105. R4g3 Qf2 106. R1g2 Qf1 107. Kh2 Qf4
108. Kh1 Kh4 109. Rg8 Qf1+ 110. Kh2 Qf4+ 111. Kg1 Qe3+ 112. Kf1 Qf3+ 113. Kg1
Qe3+ 114. Kh1 Qe1+ 115. Kh2 Qe5+ 116. Kg1 Qe3+ 117. Kf1 Qf3+ 1/2-1/2

[Event "Open Portugal 2019"]
[Site "Lisboa POR"]
[Date "2019.02.09"]
[Round "9.100"]
[White "Almeida, Rui Pedro"]
[Black "Aguiar, Carlos"]
[Result "1/2-1/2"]
[WhiteElo "1583"]
[BlackElo "1822"]
[WhiteFideId "1949616"]
[BlackFideId "1902571"]
[WhiteCountry "POR"]
[BlackCountry "POR"]
[PlyCount "129"]
[EventDate "2019.02.02"]

1. e4 c5 2. Nf3 a6 3. d4 cxd4 4. Nxd4 Nf6 5. Nc3 d6 6. Be2 e5 7. Nf3 Be7 8. O-O
Be6 9. h3 h6 10. Be3 Qc7 11. Qd2 Nbd7 12. Rad1 b5 13. a3 Rc8 14. Kh1 Nb6 15.
Bxb6 Qxb6 16. Nd5 Nxd5 17. exd5 Bf5 18. Bd3 e4 19. Qf4 exd3 20. Qxf5 Rxc2 21.
Qxd3 Rc7 22. Nd4 O-O 23. Nf5 Bf6 24. b3 Rc3 25. Qb1 Rfc8 26. Rc1 Rxc1 27. Rxc1
Rxc1+ 28. Qxc1 Qxf2 29. Nxd6 Be5 30. Qc8+ Kh7 31. Qf5+ Qxf5 32. Nxf5 Kg6 33.
Ne7+ Kf6 34. Nc8 Bc7 35. d6 Bd8 36. Na7 Ke6 37. Nc6 Bb6 38. d7 Kxd7 39. Nb8+ Kc8
40. Nxa6 Kb7 41. Nb4 Bc5 42. Nc2 Kc6 43. g4 Kd5 44. a4 b4 45. a5 Kc6 46. Kg2 Kb5
47. Kf3 Kxa5 48. Ke4 Kb5 49. Ne1 Kc6 50. Nf3 Kd6 51. Ne5 Ke6 52. Nf3 g6 53. h4
f5+ 54. gxf5+ gxf5+ 55. Kf4 Bd6+ 56. Ke3 h5 57. Kd4 Be7 58. Ke3 Bc5+ 59. Kf4 Bf2
60. Ng5+ Kf6 61. Nf3 Bc5 62. Ng5 Bd6+ 63. Ke3 Bg3 64. Nf3 Bd6 65. Kd4 1/2-1/2

[Event "Open Portugal 2019"]
[Site "Lisboa POR"]
[Date "2019.02.09"]
[Round "9.101"]
[White "Fielding, Michael"]
[Black "Marques, Gilles"]
[Result "1-0"]
[WhiteElo "1791"]
[BlackElo "1545"]
[WhiteFideId "447269"]
[BlackFideId "665517"]
[WhiteCountry "ENG"]
[BlackCountry "FRA"]
[PlyCount "73"]
[EventDate "2019.02.02"]

1. d4 Nf6 2. c4 e6 3. Nf3 d5 4. Nc3 Be7 5. Bg5 O-O 6. e3 a6 7. Bd3 dxc4 8. Bxc4
b5 9. Be2 Bb7 10. a3 c5 11. O-O Nc6 12. dxc5 Bxc5 13. Qc2 Be7 14. Rfd1 Qc7 15.
Rac1 Rad8 16. Rxd8 Rxd8 17. Bxf6 Bxf6 18. Ne4 Be7 19. Nd4 Rc8 20. Bf3 Qe5 21.
Nxc6 Bxc6 22. Qc3 Bb7 23. Qxc8+ Bxc8 24. Rxc8+ Bf8 25. Nc3 g6 26. b4 Kg7 27. g3
Bd6 28. Kg2 Bc7 29. Ne4 Bb6 30. Rc6 Qb8 31. Nc5 Bxc5 32. bxc5 b4 33. Rb6 Qc7 34.
axb4 a5 35. Rb7 Qc8 36. bxa5 Qxc5 37. a6 1-0

[Event "Open Portugal 2019"]
[Site "Lisboa POR"]
[Date "2019.02.09"]
[Round "9.102"]
[White "Oliveira, Fernando Alves"]
[Black "Sá, Nuno"]
[Result "0-1"]
[WhiteElo "1575"]
[BlackElo "1767"]
[WhiteFideId "1947869"]
[BlackFideId "1908219"]
[WhiteCountry "POR"]
[BlackCountry "POR"]
[PlyCount "94"]
[EventDate "2019.02.02"]

1. d4 d5 2. e3 Nf6 3. Bd3 e6 4. f4 Nbd7 5. Nf3 c5 6. c3 Be7 7. O-O O-O 8. Nbd2
Re8 9. Ne5 Nf8 10. Qf3 Qc7 11. g4 N6d7 12. Qh3 f6 13. Nef3 e5 14. fxe5 fxe5 15.
Nxe5 Nxe5 16. dxe5 Qxe5 17. Nf3 Qd6 18. Qh5 Be6 19. Bd2 Bf7 20. Qh3 Bg6 21. Bb5
Red8 22. Qg2 Be4 23. Qf2 Ng6 24. h3 Rf8 25. Be2 Nh4 26. Qe1 Nxf3+ 27. Bxf3 Rxf3
28. Rxf3 Bxf3 29. e4 dxe4 30. Be3 Qd3 31. Rc1 Rd8 32. g5 Bd6 33. Kf2 Rf8 34. Kg1
Rd8 35. Kf2 b6 36. c4 Be5 37. b4 Bd4 38. Bxd4 cxd4 39. c5 bxc5 40. bxc5 Rf8 41.
Kg1 e3 42. Qg3 Qf5 43. c6 Bxc6 44. Qh4 Qd5 45. Rxc6 Qxc6 46. Qxd4 Qc1+ 47. Kh2
Qd2+ 0-1

[Event "Open Portugal 2019"]
[Site "Lisboa POR"]
[Date "2019.02.09"]
[Round "9.103"]
[White "Dias, José"]
[Black "Le Gall, Eric"]
[Result "1-0"]
[WhiteElo "1560"]
[BlackElo "1758"]
[WhiteFideId "1923943"]
[BlackFideId "636690"]
[WhiteCountry "POR"]
[BlackCountry "FRA"]
[PlyCount "47"]
[EventDate "2019.02.02"]

1. e4 e6 2. d3 d5 3. Nd2 c5 4. g3 Nf6 5. Bg2 Be7 6. Ngf3 O-O 7. O-O Nc6 8. e5
Nd7 9. Re1 Qc7 10. Qe2 b6 11. h4 Bb7 12. Nf1 Rae8 13. Bf4 Nd4 14. Nxd4 cxd4 15.
Nh2 Qd8 16. Nf3 f6 17. Nxd4 Bc5 18. c3 fxe5 19. Bxe5 Nxe5 20. Qxe5 Rf6 21. Re2
Bd6 22. Qe3 Bc5 23. b4 Bxd4 24. Qxd4 1-0

[Event "Open Portugal 2019"]
[Site "Lisboa POR"]
[Date "2019.02.09"]
[Round "9.104"]
[White "Antunes, André"]
[Black "Costa, Américo"]
[Result "0-1"]
[WhiteElo "1518"]
[BlackElo "1755"]
[WhiteFideId "1936328"]
[BlackFideId "1903373"]
[WhiteCountry "POR"]
[BlackCountry "POR"]
[PlyCount "134"]
[EventDate "2019.02.02"]

1. b3 f5 2. Bb2 e6 3. e4 Nf6 4. exf5 exf5 5. Nf3 Be7 6. Be2 O-O 7. O-O d5 8. Nc3
c6 9. d4 Bd6 10. Re1 Ne4 11. Bf1 Bb4 12. Qd3 b6 13. Ne5 Ba6 14. Qh3 Bc8 15. a3
Bd6 16. f4 Rf6 17. Qe3 Qc7 18. Nb1 Nd7 19. Nd2 Rf8 20. Ndf3 Ndf6 21. b4 Be6 22.
Rac1 b5 23. Qe2 Rae8 24. g3 Nd7 25. Nxd7 Bxd7 26. Ne5 Re6 27. Bg2 Be8 28. Bf3
Qb7 29. Qe3 Qc7 30. Qe2 a6 31. c3 Qe7 32. Rc2 g5 33. Bc1 g4 34. Bxe4 dxe4 35.
Rd1 Ref6 36. Be3 Qb7 37. Qd2 Bf7 38. Nxf7 R6xf7 39. d5 Rc8 40. dxc6 Rxc6 41. Qd5
Bf8 42. Qb3 Rc4 43. Rcd2 Qc6 44. Bd4 Rd7 45. Be3 Rxd2 46. Rxd2 Be7 47. Rd4 Kf7
48. Rxc4 bxc4 49. Qd1 Ke6 50. Kf2 Qd5 51. Qxd5+ Kxd5 52. Bd4 h5 53. Ke3 h4 54.
Kf2 h3 55. Be5 Kc6 56. a4 Bd6 57. Bd4 Kd5 58. Ke3 Be7 59. Be5 Bh4 60. Kf2 e3+
61. Kxe3 Bxg3 62. b5 axb5 63. a5 Bh4 64. a6 Kc6 65. a7 Kb7 66. Bd4 g3 67. hxg3
h2 0-1

[Event "Open Portugal 2019"]
[Site "Lisboa POR"]
[Date "2019.02.09"]
[Round "9.105"]
[White "Barros, Luís"]
[Black "Pina, Tiago"]
[Result "0-1"]
[WhiteElo "1751"]
[BlackElo "1507"]
[WhiteFideId "23600110"]
[BlackFideId "1950673"]
[WhiteCountry "CPV"]
[BlackCountry "POR"]
[PlyCount "118"]
[EventDate "2019.02.02"]

1. e4 c6 2. Nf3 d5 3. e5 Bf5 4. d4 e6 5. Bd3 Bxd3 6. Qxd3 Bb4+ 7. c3 Ba5 8. Bg5
Ne7 9. O-O h6 10. Bh4 g5 11. Bg3 Nf5 12. h3 h5 13. Nbd2 g4 14. Nh2 Nd7 15. b4
Bc7 16. c4 Nf8 17. hxg4 hxg4 18. Nxg4 Qg5 19. Nf6+ Kd8 20. Nf3 Qh6 21. Nh2 dxc4
22. Qf3 Nxg3 23. Qxg3 Qxf6 24. exf6 Bxg3 25. fxg3 Rg8 26. g4 Nd7 27. Rf3 Rg6 28.
Raf1 b5 29. Rh3 Kc7 30. Rhf3 Kb6 31. R1f2 a5 32. bxa5+ Rxa5 33. Rf4 Ra3 34. Nf1
Kc7 35. Nh2 Rg3 36. R2f3 Rxf3 37. Nxf3 Rxf6 38. Rxf6 Nxf6 39. g5 c3 40. Ne1 Ne4
41. Kf1 Nxg5 42. a3 Kd6 43. Ke2 Kd5 44. Kd3 Ne4 45. Nc2 f5 46. Ne3+ Kd6 47. Nd1
c5 48. dxc5+ Kxc5 49. g4 fxg4 50. Kxe4 c2 51. Nb2 g3 52. Nd3+ Kc4 53. Ke3 g2 54.
Ne5+ Kb3 55. Kf2 c1=Q 56. Nf3 Qf4 57. Kxg2 Qxf3+ 58. Kxf3 Kxa3 59. Ke2 Ka2 0-1

[Event "Open Portugal 2019"]
[Site "Lisboa POR"]
[Date "2019.02.09"]
[Round "9.107"]
[White "Voges, Guilherme"]
[Black "Godinho, João Quintas"]
[Result "0-1"]
[WhiteElo "1455"]
[BlackElo "1719"]
[WhiteFideId "1947680"]
[BlackFideId "1909193"]
[WhiteCountry "POR"]
[BlackCountry "POR"]
[PlyCount "134"]
[EventDate "2019.02.02"]

1. e4 c5 2. Nc3 d6 3. f4 Nc6 4. Bb5 a6 5. Bxc6+ bxc6 6. Nf3 Nf6 7. b3 Bg4 8. h3
Bd7 9. Bb2 e6 10. e5 Nd5 11. Nxd5 cxd5 12. exd6 Bxd6 13. Ne5 Qh4+ 14. Ke2 Qxf4
15. Nxd7 Kxd7 16. Rf1 Qe4+ 17. Kf2 h5 18. Kg1 f6 19. Rf3 d4 20. d3 Qd5 21. Qd2
Raf8 22. Raf1 Be5 23. c3 g5 24. cxd4 g4 25. dxe5 gxf3 26. Rxf3 fxe5 27. Re3 Rf5
28. Qe2 Kd6 29. Re4 Rhf8 30. Kh2 Rg5 31. Qd2 Rfg8 32. Re2 h4 33. Qc2 Ke7 34. Ba3
Kd7 35. Bxc5 e4 36. d4 e3 37. Bb6 Qc6 38. Bc5 R8g7 39. d5 Qc7+ 40. Kh1 Rxd5 41.
Bxe3 Qd6 42. Rd2 Rxd2 43. Qxd2 Qxd2 44. Bxd2 Kc6 45. Kg1 Kd5 46. Kf2 Ke4 47. a4
Kd3 48. Be1 Rf7+ 49. Kg1 Rf4 50. g3 hxg3 51. Bxg3 Rf3 52. Kg2 Ke4 53. b4 Rb3 54.
Bd6 e5 55. h4 Kf5 56. a5 e4 57. h5 Kg5 58. Kf2 Kxh5 59. Bc5 Kg4 60. Ke2 Kf5 61.
Kf2 Ke5 62. Ke2 Kd5 63. Kd2 Kc4 64. Ke2 Rxb4 65. Bb6 Rb3 66. Kd2 Rc3 67. Ke2 Kb5
0-1

[Event "Open Portugal 2019"]
[Site "Lisboa POR"]
[Date "2019.02.09"]
[Round "9.108"]
[White "Takvorian, Richard"]
[Black "Yushko, Igor"]
[Result "1/2-1/2"]
[WhiteElo "1898"]
[BlackElo "1389"]
[WhiteFideId "663646"]
[BlackFideId "14156270"]
[WhiteCountry "FRA"]
[BlackCountry "UKR"]
[PlyCount "57"]
[EventDate "2019.02.02"]

1. Nf3 d5 2. d4 Nf6 3. c4 c6 4. Nc3 e6 5. e3 Nbd7 6. Be2 Be7 7. O-O O-O 8. b3
Re8 9. Bb2 Nf8 10. Qc2 Ng6 11. Rac1 Bf8 12. Rfd1 Bd7 13. Ne5 Bd6 14. f4 Ne7 15.
e4 dxe4 16. Nxe4 Bxe5 17. dxe5 Nxe4 18. Qxe4 Nf5 19. Qd3 Re7 20. Ba3 Qb6+ 21.
Kh1 c5 22. Bb2 Bc6 23. Bf3 Rd7 24. Qe2 Rad8 25. Bxc6 Qxc6 26. Kg1 h6 27. Rxd7
Qxd7 28. g3 Qd2 29. Rc2 1/2-1/2